Loading...
| Fine Arts - Classical Music | 9 | 14.44 | 100% | 44% | 0% |
| Fine Arts - Other Fine Arts | 5 | 10.00 | 80% | 20% | 0% |
| Fine Arts - Painting and Sculpture | 4 | 20.00 | 100% | 75% | 25% |
| Geography | 1 | 20.00 | 100% | 100% | 0% |
| History - American History | 4 | 17.50 | 100% | 50% | 25% |
| History - European History | 5 | 22.00 | 100% | 100% | 20% |
| History - Other History | 5 | 16.00 | 100% | 60% | 0% |
| History - World History | 4 | 17.50 | 100% | 50% | 25% |
| Literature - American Literature | 4 | 15.00 | 100% | 25% | 25% |
| Literature - British Literature | 4 | 17.50 | 75% | 50% | 50% |
| Literature - European Literature | 5 | 14.00 | 80% | 40% | 20% |
| Literature - World Literature | 3 | 10.00 | 67% | 33% | 0% |
| Mythology | 3 | 16.67 | 100% | 67% | 0% |
| Philosophy | 9 | 14.44 | 89% | 56% | 0% |
| Pop Culture | 1 | 30.00 | 100% | 100% | 100% |
| Religion | 8 | 13.75 | 88% | 25% | 25% |
| Science - Biology | 9 | 10.00 | 78% | 11% | 11% |
| Science - Chemistry | 6 | 10.00 | 100% | 0% | 0% |
| Science - Other Science | 3 | 10.00 | 67% | 33% | 0% |
| Science - Physics | 5 | 14.00 | 100% | 40% | 0% |
| Social Science | 6 | 13.33 | 83% | 17% | 33% |